000
00311nam a2200121Ia 4500
005
20251222143217.0
008
251222s9999||||xx |||||||||||||| ||spa||
082
_a
370.9/B25/Ej.3
100
_a
Barriga Hernández, Carlos
245
0
_a
Historia de la Educación
264
_b
Fondo Editorial UNMSM
942
_c
LIB
999
_c
13680
_d
13680